Programa de desarrollo agropecuario. Informes detallados de los proyectos [Evaluación 1972-1973]. Volumen II

Đã lưu trong:
Chi tiết về thư mục
Tác giả của công ty: American Technical Assistance Corporation
Định dạng: Texto
Được phát hành: San José: MAG. Consejo Agropecuario Nacional
Những chủ đề:
Các nhãn: Thêm thẻ
Không có thẻ, Là người đầu tiên thẻ bản ghi này!

MARC

LEADER 00000 a a2200000 04500
001 15673
003
040
090 |a 007900  
110 |a American Technical Assistance Corporation  
245 |a Programa de desarrollo agropecuario. Informes detallados de los proyectos [Evaluación 1972-1973]. Volumen II  
260 |a San José:   |b MAG. Consejo Agropecuario Nacional  
300 |a 2; 248 p  
650 |a DESARROLLO AGROPECUARIO  
999 |c 11358  |d 11358